Photoelectrochemical hydrogen production /

Bibliographic Details
Corporate Author: ebrary, Inc
Other Authors: Van de Krol, Roel, Grätzel, Michael
Format: eBook
Language:English
Published: New York : Springer, 2012.
Series:Electronic materials: science & technology.
Subjects:
Online Access:Connect to the full text of this electronic book

MARC

Tag First Indicator Second Indicator Subfields
LEADER 00000cam a2200000 a 4500
001 in00002751237
006 m d
007 cr cn|||||||||
008 111219s2012 nyua ob 001 0 eng d
005 20250816210401.1
010 |z  2011939087 
020 |z 9781461413790 
020 |z 9781461413806 (e-book) 
035 |a (CaPaEBR)ebr10513251 
035 |a (OCoLC)761390399 
040 |a CaPaEBR  |c CaPaEBR  |d UtOrBLW 
050 1 4 |a QD181.H1  |b P46 2012eb 
245 0 0 |a Photoelectrochemical hydrogen production /  |c Roel van de Krol, Michael Grätzel, editors. 
264 1 |a New York :  |b Springer,  |c 2012. 
300 |a 1 online resource (viii, 321 pages) :  |b illustrations (some color). 
336 |a text  |b txt  |2 rdacontent 
337 |a computer  |b c  |2 rdamedia 
338 |a online resource  |b cr  |2 rdacarrier 
490 1 |a Electronic materials: science & technology,  |x 1386-3290 
504 |a Includes bibliographical references and index. 
505 0 |a pt. 1. Basic principles -- pt. 2. Materials properties and synthesis -- pt. 3. Devices and device characterization -- pt. 4. Future perspectives. 
500 |a Electronic resource. 
650 0 |a Hydrogen. 
655 7 |a Electronic books.  |2 local 
700 1 |a Van de Krol, Roel. 
700 1 |a Grätzel, Michael. 
710 2 |a ebrary, Inc. 
830 0 |a Electronic materials: science & technology. 
856 4 0 |u https://ebookcentral.proquest.com/lib/tamucs/detail.action?docID=884245  |y Connect to the full text of this electronic book  |t 0 
980 |a 120421  |b 129  |c USD  |e 129  |f YBP_EBR0000033945  |g 1 
999 f f |s 5927bbb0-f4c6-34dd-97a3-3ae58f43a508  |i 157e09a7-0474-3d44-941d-b9b8f3e1ab9c  |t 0 
999 |a MARS 
952 f f |a Texas A&M University  |b College Station  |c Electronic Resources  |d Available Online  |t 0  |e QD181.H1 P46 2012eb  |h Library of Congress classification 
998 f f |a QD181.H1 P46 2012eb  |t 0  |l Available Online